01587nam a2200349Ia 450000500170000000800410001702000180005810000300007624500990010625000390020530000520024449000230029650000420031952003040036152100530066565000460071865000500076465000350081465000370084965000430088665000480092970000270097770000360100494200150104026400330105533600270108833700330111533800280114804000350117608400110121199900150122220220317001134.0160825s2007 ck a g 000 0 spa  a97895830080121 aCollodi, Carlod1826-189010aPinochocCarlo Collodi ; traducción Antonio José Restrepo ; ilustraciones de Jairo Linares a1a. edición b5a. reimpresión  a284 páginas bilustraciones en color c21 cm  aLiteratura juvenil aIncluye datos biográficos del autor aEntrad... entrad... en el fabuloso mundo de Pincho, el niño travieso de Gepeto. Conocerás el teatro de comefuegos, la ciudad de engañabobos o la barriga del famoso tiburón ballena. La célebre marioneta nos hará pasar ratos muy divertidos antes de convertirse en... ¡un niño de verdad! aRecomendado para niños de 6 años en adelante142LEMBaNovela juvenil italiana ySiglo XIX142LEMBaLiteratura juvenil italiana ySiglo XIX142LEMBaNiños en la literatura142LEMB aMentiras en la literatura142LEMB aPadres e hijos en la literatura142LEMB aMuñecos de madera en la literatura1 aLinares, Jairo 9163531 aRestrepo, Antonio José966694 2loccBKLIT aBogotábPanamericanac2007 atextobtxt2rdacontent asin mediaciónbn2rdamedia avolumenbnc2rdacarrier aCO-BoRNBPbspaerdacCO-BoRNBP aN COL4 c6046d6046